000 00303nam a2200121Ia 4500
005 20251222143234.0
008 251222s9999||||xx |||||||||||||| ||spa||
082 _a869.56/C95
245 0 _aIndumentaria de los Danzantes de Tijeras
250 _a1ra.ed.
264 _bMinisterio de Cultura
942 _cLIB
999 _c14301
_d14301